Bài giảng về giải tích hàm phi biến

Αποθηκεύτηκε σε:
Λεπτομέρειες βιβλιογραφικής εγγραφής
Κύριος συγγραφέας: Nirenberg, Louis
Άλλοι συγγραφείς: Nguyễn Minh Chương (dịch)
Μορφή: Βιβλίο
Έκδοση: H. Đại học và trung học chuyên nghiệp 1986
Θέματα:
Ετικέτες: Προσθήκη ετικέτας
Δεν υπάρχουν, Καταχωρήστε ετικέτα πρώτοι!
Thư viện lưu trữ: Trung tâm Học liệu Lê Vũ Hùng, Trường Đại học Đồng Tháp
LEADER 00782pam a22002298a 4500
001 00016978
005 20171026081022.0
008 110415s1986 ||||||Viesd
041 0 # |a Vie 
082 1 4 |b B103GI  |a 512 
100 0 # |a Nirenberg, Louis 
245 0 0 |a Bài giảng về giải tích hàm phi biến  |c Louis Nirenberg; Nguyễn Minh Chương ( dịch ) 
260 # # |a H.  |b Đại học và trung học chuyên nghiệp  |c 1986 
300 # # |a 315 tr.  |c 19 cm. 
653 # # |a Giải tích 
653 # # |a Toán 
653 # # |a Hàm phi tuyến 
700 0 # |a Nguyễn Minh Chương  |e dịch 
852 # # |j KD.0002345 
852 # # |b Kho đọc  |j KD.0002345 
910 |d 15/04/2011 
980 # # |a Trung tâm Học liệu Lê Vũ Hùng, Trường Đại học Đồng Tháp